Statistiques concernant Pokemon 4ème Génération

Cliquez ici pour prendre le quiz!

Statistiques générales

  • Ce quiz a été pris 35 fois
    (34 depuis la dernière actualisation)
  • Le résultat moyen est 71 sur 107

Statistiques - réponses

HintRéponse% Correct
Normal/VolEtourmi
100%
Normal/VolEtourvol
100%
EauPrinplouf
100%
Feu/CombatSimiabraz
100%
EauTiplouf
100%
Feu/CombatChimpenfeu
96%
Normal/VolEtouraptor
96%
FeuOuisticram
96%
Eau/AcierPingoléon
96%
Plante/SolTorterra
96%
PlanteTortipouss
96%
PlanteBoskara
93%
Normal/EauCastorno
85%
Acier/DragonDialga
85%
Spectre/DragonGiratina
85%
Eau/DragonPalkia
85%
Dragon/SolCarchacrok
81%
NormalKeunotor
81%
ElectrikLixy
81%
ElectrikLuxio
81%
ElectrikLuxray
81%
Combat/AcierLucario
78%
EauMustébouée
78%
EauMustéflott
78%
CombatRiolu
78%
Plante/PoisonRoserade
78%
NormalArceus
74%
Plante/GlaceBlizzaroi
74%
Plante/GlaceBlizzi
74%
Dragon/SolCarmache
74%
PsyCréfadet
74%
PsyCréfollet
74%
FeuMaganon
74%
Plante/PoisonRozbouton
74%
Roche/AcierBastiodon
70%
Spectre/VolBaudrive
70%
RocheCharkos
70%
PsyCréhelf
70%
TénèbresDarkrai
70%
Roche/AcierDinoclier
70%
Dragon/SolGriknot
70%
Spectre/VolGrodrive
70%
Feu/AcierHeatran
70%
RocheKranidos
70%
Sol/VolScorvol
70%
Acier/PsyArchéomire
67%
Poison/CombatCradopaud
67%
ElectrikElekable
67%
Electrik/AcierMagnézone
67%
Glace/SpectreMomartik
67%
ElectrikPachirisu
67%
EauPhione
67%
PlanteShaymin
67%
Spectre/TénèbresSpiritomb
67%
Poison/CombatCoatox
63%
PsyCresselia
63%
InsecteCrikzik
63%
Ténèbres/GlaceDimoret
63%
EauManaphy
63%
InsecteMélokrik
63%
NormalRegigigas
63%
Acier/PsyArchéodong
59%
Insecte/PlanteCheniselle
59%
InsecteCheniti
59%
Ténèbres/VolCorboss
59%
SolHippodocus
59%
SolHippopotas
59%
Electrik/SpectreMotisma
59%
SpectreNoctunoir
59%
PlantePhyllali
59%
Fée/VolTogekiss
59%
PlanteCeribou
56%
NormalChaffreux
56%
NormalChaglam
56%
GlaceGivrali
56%
NormalLaporeille
56%
NormalLockpin
56%
Glace/SolMammochon
56%
Psy/FéeMime Jr.
56%
Poison/TénèbresMoufflair
56%
Poison/TénèbresMoufouette
56%
Insecte/VolPapilord
56%
EauSancoki
56%
Eau/SolTritosor
56%
Insecte/VolApireine
52%
Insecte/VolApitrini
52%
PlanteBouldeneu
52%
PlanteCeriflor
52%
Psy/CombatGallame
52%
SpectreMagirêve
52%
RocheManzaï
52%
Poison/InsecteRapion
52%
Insecte/VolYanméga
52%
NormalCapidextre
48%
NormalCoudlangue
48%
Poison/TénèbresDrascore
48%
Sol/RocheRhinastoc
48%
Eau/VolBabimanta
44%
PsyKorillon
44%
NormalPtiravi
44%
EauEcayon
41%
NormalGoinfrex
41%
Normal/VolPijako
41%
Roche/AcierTarinorme
41%
EauLuminéon
37%
PlanteVortente
37%
NormalPorygon-Z
33%

Distribution des résultats

Percentile par nombre de réponses

% des personnes avec chaque résultat

Votre développement - résultats

Vous n’avez pas pris ce quiz depuis la dernière actualisation